Powiaty województwa mazowieckiego w kolejności alfabetycznej - Statystyki

Ogólne statystyki
  • Ten quiz został rozwiązany 7 razy
  • Średni wynik to 23 z 42
Odpowiedzi na mapie
Odpowiedzi zakodowano w zielono-czerwonej skali na mapie do tego quizu, zgodnie z poniższymi procentami.
 
Statystyki odpowiedzi
Powiat % Poprawnych
białobrzeski
80%
ciechanowski
80%
garwoliński
80%
gostyniński
80%
grodziski
80%
grójecki
60%
kozienicki
60%
legionowski
60%
lipski
60%
łosicki
60%
makowski
60%
miński
60%
mławski
60%
nowodworski
60%
ostrołęcki
60%
Ostrołęka
60%
ostrowski
60%
otwocki
60%
piaseczyński
60%
pruszkowski
60%
przasnyski
60%
przysuski
60%
Radom
60%
radomski
60%
wołomiński
60%
Płock
40%
płocki
40%
płoński
40%
pułtuski
40%
Siedlce
40%
siedlecki
40%
sierpecki
40%
sochaczewski
40%
sokołowski
40%
szydłowiecki
40%
Warszawa
40%
warszawski zachodni
40%
węgrowski
40%
wyszkowski
40%
żuromiński
40%
zwoleński
40%
żyrardowski
40%
Nie znaleziono quizów pasujących do podanych kryteriów
Rozkład punktacji
Procent ludzi z każdym wynikiem
Percentyl według liczby udzielonych odpowiedzi
Twoja historia wyników
Nie rozwiązałeś tego quizu